MARC details
| 000 -LEADER |
| fixed length control field |
01443nam a2200277 a 4500 |
| 008 - FIXED-LENGTH DATA ELEMENTS--GENERAL INFORMATION |
| fixed length control field |
120416s1996 ||||||||||||||||| || u |
| 020 ## - INTERNATIONAL STANDARD BOOK NUMBER |
| International Standard Book Number |
0471154180 |
| 050 ## - LIBRARY OF CONGRESS CALL NUMBER |
| Classification number |
NA 2728 Nee |
| 100 ## - MAIN ENTRY--PERSONAL NAME |
| Personal name |
Callori, B. Robert |
| 245 10 - TITLE STATEMENT |
| Title |
Softdesk solutions |
| 246 ## - |
| -- |
the essential guide to Auto-Architect |
| 260 ## - PUBLICATION, DISTRIBUTION, ETC. |
| Place of publication, distribution, etc. |
New York |
| Name of publisher, distributor, etc. |
John Wiley and Sons |
| Date of publication, distribution, etc. |
1996 |
| 300 ## - PHYSICAL DESCRIPTION |
| Extent |
xxiv, 456 p. : ill. |
| 350 ## - |
| -- |
0.00 |
| 650 ## - SUBJECT ADDED ENTRY--TOPICAL TERM |
| Topical term or geographic name entry element |
ARCHITECTURAL DESIGN--EVALUATION |
| 650 ## - SUBJECT ADDED ENTRY--TOPICAL TERM |
| Topical term or geographic name entry element |
Softdesk Core (Computer file) |
| 650 ## - SUBJECT ADDED ENTRY--TOPICAL TERM |
| Topical term or geographic name entry element |
AUTO--ARCHITECT (COMPUTER FILE) |
| 650 ## - SUBJECT ADDED ENTRY--TOPICAL TERM |
| Topical term or geographic name entry element |
TEXTBOOKS |
| 700 ## - ADDED ENTRY--PERSONAL NAME |
| Personal name |
Neeley, Dennis |
| 710 ## - ADDED ENTRY--CORPORATE NAME |
| Corporate name or jurisdiction name as entry element |
Softdesk, Inc |
| 995 ## - |
| -- |
ANNEX COLLECTION (Main Library) |
| -- |
0.00 |
| -- |
733671 |
| -- |
CBU-MAIN LIBRARY (Kitwe) |
| -- |
1 |
| -- |
46.50 |
| -- |
NA 2728 Nee |
| -- |
1 |
| -- |
AVAILABLE |
| -- |
May 31, 2006 |
| -- |
45672 |
| -- |
Annex Low-Usage Collection |
| 995 ## - |
| -- |
ANNEX COLLECTION (Main Library) |
| -- |
0.00 |
| -- |
733672 |
| -- |
CBU-MAIN LIBRARY (Kitwe) |
| -- |
2 |
| -- |
46.50 |
| -- |
NA 2728 Nee |
| -- |
2 |
| -- |
AVAILABLE |
| -- |
45673 |
| -- |
Annex Low-Usage Collection |
| 995 ## - |
| -- |
MAIN LIBRARY OPEN ACCESS |
| -- |
0.00 |
| -- |
45669 |
| -- |
CBU-MAIN LIBRARY (Kitwe) |
| -- |
3 |
| -- |
46.50 |
| -- |
NA 2728 Nee |
| -- |
AVAILABLE |
| -- |
45669 |
| -- |
Main Library Open Access Collection |
| 995 ## - |
| -- |
MAIN LIBRARY OPEN ACCESS |
| -- |
0.00 |
| -- |
733675 |
| -- |
CBU-MAIN LIBRARY (Kitwe) |
| -- |
5 |
| -- |
46.50 |
| -- |
NA 2728 Nee |
| -- |
5 |
| -- |
AVAILABLE |
| -- |
45670 |
| -- |
Main Library Open Access Collection |
| 995 ## - |
| -- |
ANNEX COLLECTION (Main Library) |
| -- |
0.00 |
| -- |
733674 |
| -- |
CBU-MAIN LIBRARY (Kitwe) |
| -- |
4 |
| -- |
46.50 |
| -- |
NA 2728 Nee |
| -- |
4 |
| -- |
AVAILABLE |
| -- |
45671 |
| -- |
Annex Low-Usage Collection |
| 999 ## - |
| -- |
76616 |
| -- |
76616 |